Nové Pompeje /

Hlavní autor: Godfrey, Daniel
Další autoři: Samec, Filip
Jazyk: Čeština
Vydáno: Praha : Dobrovský s.r.o., 2017
Edice: Knihy Omega
Témata:
Externí odkaz: Digitalizovaný dokument
Fyzický popis: 359 stran ; 21 cm
Knihy
Uloženo v:
LEADER 01524nam a2200445 i 4500
001 nkc20172898351
003 CZ PrNK
005 20250909235007.0
007 ta
008 170519s2017 xr g 000 f cze
015 |a cnb002898351 
020 |a 978-80-7390-572-9  |q (vázáno) 
035 |a (OCoLC)993644804 
040 |a OLA001  |b cze  |e rda 
041 1 |a cze  |h eng 
072 7 |a 821.111-3  |x Anglická próza, anglicky psaná  |2 Konspekt  |9 25 
080 |a 821.111-31  |2 MRF 
080 |a (0:82-312.4)  |2 MRF 
100 1 |a Godfrey, Daniel  |7 xx0213254  |4 aut 
240 1 0 |a New Pompeii.  |l Česky 
245 1 0 |a Nové Pompeje /  |c Daniel Godfrey ; přeložil: Filip Samec 
264 1 |a Praha :  |b Dobrovský s.r.o.,  |c 2017 
300 |a 359 stran ;  |c 21 cm 
336 |a text  |b txt  |2 rdacontent 
337 |a bez média  |b n  |2 rdamedia 
338 |a svazek  |b nc  |2 rdacarrier 
490 1 |a Knihy Omega 
500 |a Přeloženo z angličtiny 
655 7 |a anglické romány  |7 fd131814  |2 czenas 
655 7 |a thrillery (romány)  |7 fd184206  |2 czenas 
655 9 |a English fiction  |2 eczenas 
655 9 |a thrillers (novels)  |2 eczenas 
700 1 |a Samec, Filip  |7 hka2017937992  |4 trl 
830 0 |a Knihy Omega  |0 s 
856 4 1 |u http://www.digitalniknihovna.cz/mzk/uuid/uuid:30b0fc70-6226-11f0-9a88-0050568d319f  |y Digitalizovaný dokument  |x NDK 
910 2 |a BOA001  |b 2-1390.047 
990 |a BK 
995 |a 01 
991 |b 201705  |c NOV 
996 6 |b 2610709072  |c 2-1390.047  |l MZK  |r Sklad / do 1 hodiny  |n 0  |p p.v.  |w 001613923  |u 000010  |a 1  |e BOA001  |j MZK50  |s P